• 首页
  • 本馆介绍
  • 公告通知
  • 最新文献
  • 馆藏检索
  • 电子资源
  • 读者导购
  • 参考咨询
  • 我的图书馆
  • 登录
  • 详细信息显示
  • 放入我的书架
  • 预约/预借图书
  • 作者相关作品
  • 分类相关作品
  • 丛书相关作品
  • 出版社相关作品

书目信息

  • 表格格式
  • 工作单格式
  • 卡片格式
题名:
干细胞技术
    
 
作者: 卡尔森
分册:  
出版信息: 北京   科学出版社  2012
页数: 402
开本: 26cm
丛书名:
单 册:
中图分类: Q24
科图分类:
主题词: 细胞学:形态学
电子资源:
ISBN: 7-03-034446-5
000 00521nam0 2200181 450
001 1735846483
005 20170410095726.48
010    @a7-03-034446-5@b精装@d¥136.00
100    @a20170410d km y0chiy0120 ea
101 0  @achi
200 1  @a干细胞技术@Agan xi bao ji shu@e英文版@f卡尔森@Fka er sen
210    @a北京@c科学出版社@d2012
215    @a402@d26cm
606 0  @a细胞学:形态学
690    @aQ24@v4
701  0 @a卡尔森@Aka er sen
801  0 @aCN@b大连网信软件有限公司图书馆·11@c20170410
905    @b6604345@dQ24@en4@f1
    
    干细胞技术:英文版/卡尔森.-北京:科学出版社,2012
    402;26cm
    
    
    ISBN 7-03-034446-5(精装):¥136.00
    
●
相关链接 在E读中查询图书 在五车中查询图书 在当当中查询图书 在豆瓣中查询图书


正题名:干细胞技术     索取号:Q24/n4         预约/预借

序号 登录号 条形码 馆藏地/架位号 状态 备注
1 6604345   266043453   密集书库-生命科学系/ [索取号:Q24/n4] 在馆    
唐山师范学院图书馆 欢迎您!
大连网信软件有限公司© 版权所有